Elecciones y problemática nacional

में बचाया:
ग्रंथसूची विवरण
स्वरूप: मूलपाठ
विषय:
टैग: टैग जोड़ें
कोई टैग नहीं, इस रिकॉर्ड को टैग करने वाले पहले व्यक्ति बनें!

MARC

LEADER 00000 a a2200000 04500
001 6629
003
040
245 |a Elecciones y problemática nacional  
650 |a ELECCIONES  
650 |a PARTIDOS POLITICOS  
650 |a CONDICIONES SOCIALES  
773 |g volumen 23, número 1033; páginas 4-5  
999 |c 37180  |d 37180